| 000 | 00664nam a2200241Ia 4500 | ||
|---|---|---|---|
| 003 | OSt | ||
| 005 | 20221006165154.0 | ||
| 006 | a|||||r|||| 00| 0 | ||
| 007 | ta | ||
| 008 | 221006b |||||||| |||| 00| 0 eng d | ||
| 024 | _a923 | ||
| 037 | _cTextual | ||
| 040 |
_aFML _cFML _beng |
||
| 041 |
_2eng _aeng |
||
| 082 | _aNR44ObY51, M4 | ||
| 100 |
_aHariharan M Au. _9676260 |
||
| 245 | 0 | _aRoyel Batronage of Indian Music | |
| 260 |
_aDelhi _bSandeep Prakashan _c1984 |
||
| 300 |
_a225 _ccm. |
||
| 700 |
_a Kuppuswamy G Au. _9576289 |
||
| 942 |
_hNR44ObY51, M4 _cTEXL _2CC |
||
| 999 |
_c1119864 _d1119864 |
||